书目信息 |
| 题名: |
深度学习与目标检测
|
|
| 作者: | 杜鹏 , 谌明 , 苏统华 编著 | |
| 分册: | ||
| 出版信息: | 北京 电子工业出版社 2020.03 |
|
| 页数: | XII, 260页 | |
| 开本: | 24cm | |
| 丛书名: | ||
| 单 册: | ||
| 中图分类: | TP181 | |
| 科图分类: | ||
| 主题词: | 机器学习--ji qi xue xi | |
| 电子资源: | ||
| ISBN: | 978-7-121-36785-4 | |
| 000 | 01076nam0 2200277 450 | |
| 001 | 202020140186 | |
| 005 | 20200926181352.0 | |
| 010 | @a978-7-121-36785-4@dCNY89.00 | |
| 100 | @a20200918d2020 em y0chiy50 ea | |
| 101 | 0 | @achi |
| 102 | @aCN@b110000 | |
| 105 | @aa a 000yy | |
| 106 | @ar | |
| 200 | 1 | @a深度学习与目标检测@Ashen du xue xi yu mu biao jian ce@f杜鹏, 谌明, 苏统华编著 |
| 210 | @a北京@c电子工业出版社@d2020.03 | |
| 215 | @aXII, 260页@c彩图@d24cm | |
| 314 | @a杜鹏, 现任职于华为。谌明, 博士。苏统华, 博士, 哈尔滨工业大学副教授。 | |
| 320 | @a有书目 | |
| 330 | @a本书侧重对卷积神经网络的介绍, 而深度学习的内容不止于此。所以, 作者将深度学习分别为有监督学习、无监督学习和强化学习三类, 将图像分类、目标检测、人脸识别、语音识别、生成对抗网络和AlphaGo等应用场景归入不同的类别, 并分别对其原理进行了概括性的讲解。 | |
| 606 | 0 | @a机器学习@Aji qi xue xi |
| 690 | @aTP181@v5 | |
| 701 | 0 | @a杜鹏@Adu peng@4编著 |
| 701 | 0 | @a谌明@Achen ming@4编著 |
| 701 | 0 | @a苏统华@Asu tong hua@4编著 |
| 801 | 0 | @aCN@c20200402 |
| 905 | @a河南城建学院图书馆@dTP181@eD842 | |
| 深度学习与目标检测/杜鹏, 谌明, 苏统华编著.-北京:电子工业出版社,2020.03 |
| XII, 260页:彩图;24cm |
| ISBN 978-7-121-36785-4:CNY89.00 |
| 本书侧重对卷积神经网络的介绍, 而深度学习的内容不止于此。所以, 作者将深度学习分别为有监督学习、无监督学习和强化学习三类, 将图像分类、目标检测、人脸识别、语音识别、生成对抗网络和AlphaGo等应用场景归入不同的类别, 并分别对其原理进行了概括性的讲解。 |
| ● |
| 相关链接 |
|
|
|
正题名:深度学习与目标检测
索取号:TP181/D842
 
预约/预借
| 序号 | 登录号 | 条形码 | 馆藏地/架位号 | 状态 | 备注 |
| 1 | 1490410 | 214904102 | 自科库301/301自科库 102排8列5层/ [索取号:TP181/D842] | 在馆 | |
| 2 | 1490411 | 214904111 | 自科库301/301自科库 102排8列5层/ [索取号:TP181/D842] | 在馆 |